Дело, которому ты служишь: Роман; Для среднего и старшего школьного возраста

Λεπτομέρειες βιβλιογραφικής εγγραφής
Κύριος συγγραφέας: Герман Ю. П. Юрий Павлович
Άλλοι συγγραφείς: Зайцев Ю. К. (иллюстратор)
Γλώσσα:Ρωσικά
Έκδοση: Минск, Юнацтва, 1990
Θέματα:
Μορφή: Βιβλίο
KOHA link:https://koha.lib.tpu.ru/cgi-bin/koha/opac-detail.pl?biblionumber=135244

MARC

LEADER 00000nam0a2200000 4500
001 135244
005 20231101220534.0
010 |a 5788003512 
020 |a RU  |b 90-11016 
035 |a (RuTPU)RU\TPU\book\146577 
090 |a 135244 
100 |a 20080408d1990 de y0rusy5003 ca 
101 0 |a rus 
102 |a BY 
105 |a a z 000ay 
200 1 |a Дело, которому ты служишь  |e Роман   |e Для среднего и старшего школьного возраста  |f Ю. П. Герман  |g худож. Ю. К. Зайцев 
210 |a Минск  |c Юнацтва  |d 1990 
215 |a 365,[1] с.  |c ил.  |d 21 см 
610 1 |a врачи 
610 1 |a Великая Отечественная война 1941-1945 
610 1 |a романы 
675 |a Р2  |z rus 
700 1 |a Герман  |b Ю. П.  |c русский писатель  |f 1910-1967  |g Юрий Павлович  |2 stltpush  |3 (RuTPU)RU\TPU\pers\15435  |9 5347 
702 1 |a Зайцев  |b Ю. К.  |4 440 
801 0 |a RU  |b RuMRKP  |c 19950417  |g psbo 
801 1 |a RU  |b 63413507  |c 20080408  |g PSBO 
801 2 |a RU  |b 63413507  |c 20140221  |g PSBO 
942 |c BK